00650nam a2200193 a 450000100060000000300090000600800410001502000150005604000280007108200170009910000420011624500460015826000320020430000100023665000420024694200120028899900170030095201390031713551CO-ViMGA141112s2004 ck r 000 u spa d a8434421232 aCO-ViMGAbspacCO-ViMGA04a344.02 B651m1 aBonastre, Ramon; Palau, Xavier91975610aManual de seguridad y salud en el trabajo aBarcelona : bAriel, c1996 a200p.14aSEGURIDAD SOCIAL - LEGISLACION948351 2ddccBK c24276d24276 00102ddc40708002aMEVIECARbMEVIECARd2015-12-04h11/jun/2009l0o344.02 B651m p13551r2015-12-04 00:00:00tEj. 1w2015-12-04yBK